I Love You, I'm Sorry - Gracie Abrams (All Lyrics) - Statistics

General Stats
  • This quiz has been taken 20 times
  • The average score is 257 of 322
Answer Stats
Lyrics % Correct
a
100%
A
100%
(A
100%
be
100%
best
100%
best,
100%
I
100%
(I
100%
I'm
100%
(I'm
100%
it,
100%
it
100%
love
100%
sorry
100%
sorry.
100%
the
100%
The
100%
we're
100%
were
100%
worst
100%
worst)
100%
you
100%
You
100%
you,
100%
(you
100%
your
100%
As
94%
as
94%
(As
94%
first
94%
first)
94%
go
94%
goes
94%
is
94%
is)
94%
life
94%
loved
94%
was
94%
way
94%
what
94%
again,
88%
again
88%
again)
88%
And
88%
but
88%
But
88%
didn't
88%
I'll
88%
in
88%
me,
88%
me
88%
on
88%
sick
88%
sounds,
88%
that
88%
to
88%
wrong
88%
You're
88%
you're
88%
closed
81%
doors
81%
just
81%
never
81%
Now
81%
now,
81%
now
81%
shit
81%
That's
81%
that's
81%
Two
81%
ago,
75%
curse
75%
curse)
75%
dick,
75%
don't
75%
don't,
75%
from
75%
Going
75%
it's
75%
know
75%
laugh
75%
Oh,
75%
old
75%
slam
75%
somewhere,
75%
summers
75%
went
75%
actually
69%
age-
69%
all
69%
at
69%
Augusts
69%
boat,
69%
by
69%
ends
69%
home
69%
like
69%
my
69%
not
69%
plane
69%
shows
69%
works
69%
works)
69%
Benz,
63%
kick,
63%
low
63%
luck,
63%
mean
63%
push
63%
send
63%
set
63%
stare
63%
sun
63%
tend
63%
watch
63%
well,
63%
we'll
63%
window
63%
about
56%
always
56%
cool
56%
drink,
56%
for
56%
have
56%
kill
56%
lake
56%
lean
56%
make
56%
Make
56%
Making
56%
out
56%
people
56%
sad
56%
sad)
56%
someone
56%
whenever
56%
aim
50%
amends,
50%
'Cause
50%
charm
50%
down
50%
(down
50%
habit
50%
might
50%
often,
50%
okay,
50%
our
50%
this
50%
told
50%
train
50%
Trust
50%
truth
50%
alone,
44%
crash,
44%
feel
44%
gate
44%
getting
44%
haunts
44%
known
44%
real,
44%
same
44%
speak
44%
talking
44%
been
38%
code
38%
paid
38%
Thankful
38%
wistfully
38%
horn
31%
Joyriding
31%
Lay
31%
prove
31%
wanna
31%
Hope
25%
road
25%
road)
25%
won't
25%
mm
19%
No matching quizzes found
Score Distribution
Percent of People with Each Score
Percentile by Number Answered
Your Score History
You have not taken this quiz